00249nam a2200085Ia 4500008004100000100002600041245004400067260004300111260000900154170620s9999 xx 000 0 und d aSharma- R. A. (Hindi) 0aDarshnik samasyain evam shiksha (Hindi) bMeerut- International Publishing House c2006